00543pab a2200169 454500008004000000100002200040245004400062260000900106300001600115362001000131650003800141650002800179773003400207909001000241999001700251952010500268180718b2002 xxu||||| |||| 00| 0 eng d aBanerjee, Sumanta aGujarat carnage and a cynical democracy c2002 ap.1707-708. a4 MaY aGujarat - Politics and government aPolitics and government aEconomic and Political Weekly a52270 c52270d52270 00104070aIIPAbIIPAd2018-07-19hVolume no: 37, Issue no: 18pAR52700r2018-07-19w2018-07-19yAR